000 00504nam a2200181Ia 4500
003 GCL
008 140319s9999 xx 000 0 ara d
040 _aGCL /
_cGCL
082 0 4 _a813.1
_bى ف
100 1 _aيوسف القعيد
245 1 0 _aفى الاسبوع سبعة ايام /
_cيوسف القعيد
260 _a[S.N] :
_bمكتبة مدبولى ،
_c1992
300 _a95 ص
490 _a
650 0 4 _aالادب العربى
650 0 4 _aالقصة العربية
942 _2ddc
_cBK
999 _c56013
_d56013